000
00307nam a22001337a 4500
020
_a
0-00-674515-6
082
_a
823
_b
ANDE/H
100
_a
ANDERSON,SCOULAR
245
_a
HARRY MOVES HOUSE
246
_a
HARRY MOVES HOUSE
_b
HARRY MOVES HOUSE
260
_a
LONDON
_b
COLLINS
_c
1993
300
_a
64
942
_c
BK
999
_c
8525
_d
8525